Normal view
MARC view
- Mansoor Abul Hassan
Entry Personal Name
001 - CONTROL NUMBER
- control field: 9788
003 - CONTROL NUMBER IDENTIFIER
- control field: NUST
005 - DATE AND TIME OF LATEST TRANSACTION
- control field: 20180124153426.0
008 - FIXED-LENGTH DATA ELEMENTS
- fixed length control field: 180124|| aca||aabn | a|a d
040 ## - CATALOGING SOURCE
- Original cataloging agency: NUST
- Transcribing agency: NUST
100 ## - HEADING--PERSONAL NAME
- Personal name: Mansoor Abul Hassan
670 ## - SOURCE DATA FOUND
- Source citation: Work cat.: (NUST)325229: Mansoor Abul Hassan, Alif Laila Kay Shahkar Qissay, 2012
